Track Athletics (Record no. 11362)

MARC details
000 -LEADER
fixed length control field 00256nam a22000977a 4500
008 - FIXED-LENGTH DATA ELEMENTS--GENERAL INFORMATION
fixed length control field 190328b ||||| |||| 00| 0 eng d
020 ## - INTERNATIONAL STANDARD BOOK NUMBER
International Standard Book Number 9780713634099
100 ## - MAIN ENTRY--PERSONAL NAME
Personal name Johnson Carl
9 (RLIN) 7055
245 ## - TITLE STATEMENT
Title Track Athletics
260 ## - PUBLICATION, DISTRIBUTION, ETC. (IMPRINT)
Place of publication, distribution, etc. Great Britain
Name of publisher, distributor, etc. Hollen Street Press
Holdings
Withdrawn status Lost status Source of classification or shelving scheme Damaged status Koha normalized classification for sorting Not for loan Home library Current library Shelving location Date acquired Total Checkouts Full call number Barcode Date last seen Price effective from Koha item type
    Dewey Decimal Classification   796_000000000000000_L1   Good Samaritan School Library Good Samaritan School Library PHYSICAL EDUCATION 03/28/2019   796 L-1 JOH15257 03/28/2019 03/28/2019 BOOK

Powered by Koha